Don Manuel Azaña Díaz / (Record no. 20138)

MARC details
000 -LEADER
campo de control de longitud fija 01256nam a2200337 i 4500
001 - NÚMERO DE CONTROL
campo de control 20138
003 - IDENTIFICADOR DE NÚMERO DE CONTROL
campo de control ES-MaACL
005 - FECHA Y HORA DE LA ÚLTIMA TRANSACCIÓN
campo de control 20250825062717.0
007 - CAMPO FIJO DE DESCRIPCIÓN FÍSICA--INFORMACIÓN GENERAL
campo de control de longitud fija t|
008 - DATOS DE LONGITUD FIJA--INFORMACIÓN GENERAL
campo de control de longitud fija 021107s1972 sp f |||| |bspa d
017 ## - NÚMERO DE COPYRIGHT O DE DEPÓSITO LEGAL
Número de copyright o de depósito legal B 37149-1972
Agencia que asigna Oficina Depósito Legal Barcelona
040 ## - FUENTE DE CATALOGACIÓN
Centro/agencia transcriptor ES-MaACL
080 ## - NÚMERO DE LA CLASIFICACIÓN DECIMAL UNIVERSAL
Número de la Clasificación Decimal Universal 929 Azaña, Manuel
080 ## - NÚMERO DE LA CLASIFICACIÓN DECIMAL UNIVERSAL
Número de la Clasificación Decimal Universal 94(460)"1931/39"
100 1# - ENTRADA PRINCIPAL--NOMBRE DE PERSONA
Nombre de persona Aguado, Emiliano,
Fechas asociadas al nombre 1907-1979
Término indicativo de función/relación Autor
9 (RLIN) 18604
245 10 - MENCIÓN DEL TÍTULO
Título Don Manuel Azaña Díaz /
Mención de responsabilidad, etc. Emiliano Aguado
250 ## - MENCION DE EDICION
Mención de edición Primera edición: septiembre 1972
260 ## - PUBLICACIÓN, DISTRIBUCIÓN, ETC.
Lugar de publicación, distribución, etc. Barcelona :
Nombre del editor, distribuidor, etc. Nauta,
Fecha de publicación, distribución, etc. 1972
300 ## - DESCRIPCIÓN FÍSICA
Extensión 399 páginas, [92] páginas de láminas (blanco y negro) ;
Dimensiones 23 x 22 cm.
490 1# - MENCIÓN DE SERIE
Mención de serie Los libros de la veleta. Documentos ;
Designación de volumen o secuencia 5
500 ## - NOTA GENERAL
Nota general Índice onomástico
600 14 - PUNTO DE ACCESO ADICIONAL DE MATERIA--NOMBRE DE PERSONA
Nombre de persona Azaña, Manuel,
Fechas asociadas al nombre 1880-1940
9 (RLIN) 24223
651 #4 - PUNTO DE ACCESO ADICIONAL DE MATERIA--NOMBRE GEOGRÁFICO
Nombre geográfico España-
Subdivisión general Historia-
Subdivisión cronológica 1931-1939, II República.
9 (RLIN) 8283
655 #0 - TERMINO DE INDIZACIÓN--GENERO/FORMA
Datos o término principal de género/forma Biografías
9 (RLIN) 176647
830 #4 - PUNTO DE ACCESO ADICIONAL DE SERIE-TÍTULO UNIFORME
Título uniforme Los libros de la veleta
Designación de volumen o secuencia 5
9 (RLIN) 192741
852 ## - LOCALIZACIÓN
Ubicación ES-MaACL
Número de control de estantería C-47226
Ubicación en estantería Depósito 2
itemnumber 20799
Encuadernación Encuadernación: cartoné
852 4# - LOCALIZACIÓN
Ubicación ES-MaACL
Número de control de estantería N-8234
Ubicación en estantería Depósito J
Nota libre X-21
-- Duplicado
itemnumber 20798
Donativo/Legado Donación: Editorial
Encuadernación Encuadernación: cartoné
942 ## - ELEMENTOS DE ENTRADA SECUNDARIOS (KOHA)
Tipo de ítem Koha Libro impreso
Suprimir en OPAC No
Holdings
Estatus retirado Estado de pérdida Fuente del sistema de clasificación o colocación Estado de daño Restricciones de uso No para préstamo Biblioteca de origen Biblioteca actual Ubicación en estantería Fecha de adquisición Fuente de adquisición Total de préstamos Signatura topográfica completa Código de barras Visto por última vez Copia número Tipo de ítem Koha
    Clasificación decimal universal   Duplicado   Biblioteca del Ateneo de Madrid Biblioteca del Ateneo de Madrid Depósito J 02/11/2022 Donación   N-8234 1204557 23/02/2023 X-21 Libro impreso
    Clasificación decimal universal       Biblioteca del Ateneo de Madrid Biblioteca del Ateneo de Madrid Depósito 2 17/01/2008     C-47226 1020640 23/02/2023   Libro impreso